[Event "Basses Vallees Angevines op 4th"]
[Site "Cantenay Epinard"]
[Date "2015.12.19"]
[Round "3"]
[White "Andre, Victoria"]
[Black "Patarin, Arnaud"]
[Result "1-0"]
[WhiteElo "1380"]
[BlackElo "1823"]
[PlyCount "81"]
[EventDate "2015.12.19"]
[EventType "swiss"]
[EventRounds "5"]
[EventCountry "FRA"]
[SourceTitle "EXT 2019"]
[Source "ChessBase"]
[SourceDate "2018.10.10"]
[SourceVersion "1"]
[SourceVersionDate "2018.10.10"]
[SourceQuality "1"]

1. e4 c5 2. Nc3 e6 3. g3 Nc6 4. Bg2 a6 5. d3 Be7 6. f4 d6 7. Nf3 Nf6 8. 0-0 0-0 9. Be3 d5 10. Bf2 d4 11. Ne2 Ng4 12. Qd2 e5 13. h3 Nxf2 14. Rxf2 Bd6 15. f5 b5 16. g4 f6 17. h4 c4 18. g5 fxg5 19. hxg5 Bd7 20. Raf1 Qa5 21. Qxa5 Nxa5 22. Ng3 g6 23. f6 Rf7 24. Nh2 Rc8 25. Bf3 Nc6 26. Bg4 Bxg4 27. Nxg4 Bf8 28. Rh2 Re8 29. Nh1 cxd3 30. cxd3 Nb4 31. Nhf2 Nxa2 32. Nh6+ Bxh6 33. Rxh6 Nb4 34. Rh3 Kf8 35. Ng4 Rc8 36. Nxe5 Rb7 37. f7 Re7 38. Nxg6+ hxg6 39. Rh8+ Kg7 40. Rg8+ Kh7 41. Rxc8 1-0